Portsmouth Top Goalscorers of All Time - Statistics

General Stats
  • This quiz has been taken 14 times
  • The average score is 6 of 50
Answer Stats
Player APP Goals % Correct
Guy Whittingham 54 18
62%
Colby Bishop 124 52
54%
Nwankwo Kanu 166 28
54%
Jermain Defoe 36 18
46%
Peter Crouch 87 34
46%
Ronan Curtis 226 57
46%
Lomana LuaLua 91 19
31%
Benjani 95 20
23%
David Nugent 93 20
23%
John Marquis 126 37
23%
Peter Harris 474 196
23%
Alan McLoughlin 170 32
15%
Callum Lang 42 14
15%
Conor Chaplin 122 25
15%
Matthew Taylor 204 29
15%
Steve Claridge 120 37
15%
Svetoslav Todorov 82 33
15%
Brett Pitman 99 42
8%
Duggie Reid 310 131
8%
Gary O'Neil 192 17
8%
Harry Harris 52 15
8%
Ike Clarke 120 50
8%
Jamal Lowe 119 29
8%
Jed Wallace 121 30
8%
John Aloisi 63 27
8%
Lee Bradbury 152 45
8%
Len Phillips 250 47
8%
Marcus Harness 134 32
8%
Ryan Taylor 59 15
8%
Yakubu Aiyegbeni 92 42
8%
Ben Close 190 18
0%
Bert Barlow 95 31
0%
Charlie Vaughan 27 14
0%
Derek Rees 46 15
0%
Ellis Harrison 84 20
0%
Gareth Evans 218 39
0%
Gary Roberts 80 20
0%
George Hirst 46 15
0%
Gordon Dale 115 18
0%
Jack Froggatt 285 65
0%
Jackie Henderson 215 70
0%
John Durnin 113 20
0%
Johnny Gordon 224 70
0%
Kal Naismith 94 21
0%
Matt Tubbs 40 15
0%
Mike Barnard 116 24
0%
Oli Hawkins 96 18
0%
Paul Hall 92 21
0%
Ron Saunders 49 26
0%
Sean Raggett 239 17
0%
No matching quizzes found
Score Distribution
Percent of People with Each Score
Percentile by Number Answered
Your Score History
You have not taken this quiz